ბათუმის შოთა რუსთაველის სახელმწიფო უნივერსიტეტის ბიბლიოთეკა

Проектирование очистных сооружений канализации. (ბიბ.ჩანაწერი № 37381)

000 -LEADER
fixed length control field 00668nam a2200205Ia 4500
001 - CONTROL NUMBER
control field 3340
003 - CONTROL NUMBER IDENTIFIER
control field GE_BSU
008 - FIXED-LENGTH DATA ELEMENTS--GENERAL INFORMATION
fixed length control field 181216s||||||||xx |||||||||||||| ||und||
040 ## - CATALOGING SOURCE
Transcribing agency GE_BSU
080 ## - UNIVERSAL DECIMAL CLASSIFICATION NUMBER
Universal Decimal Classification number 628.2
100 ## - MAIN ENTRY--PERSONAL NAME
Personal name Колобанов,С.К. Ершов,А.В. Кигель,М.Е.
245 ## - TITLE STATEMENT
Title Проектирование очистных сооружений канализации.
245 ## - TITLE STATEMENT
Statement of responsibility, etc. Ред.К.В.Бергер.
260 ## - PUBLICATION, DISTRIBUTION, ETC.
Place of publication, distribution, etc. Киев.
260 ## - PUBLICATION, DISTRIBUTION, ETC.
Name of publisher, distributor, etc. Будiвельник.
260 ## - PUBLICATION, DISTRIBUTION, ETC.
Date of publication, distribution, etc. 1977.
300 ## - PHYSICAL DESCRIPTION
Extent 224 стр. 22см.
653 ## - INDEX TERM--UNCONTROLLED
Uncontrolled term Проектирование очистных сооружений канализации.
942 ## - ADDED ENTRY ELEMENTS (KOHA)
Koha item type წიგნი
ეგზემპლარები
Withdrawn status Lost status Damaged status Not for loan Date acquired Barcode Date last seen Price effective from Koha item type
        2018-12-17 9397 2018-12-17 2018-12-17 წიგნი